Mental adjustments, (Record no. 90468)
[ view plain ]
| 000 -LEADER | |
|---|---|
| fixed length control field | 00665cam a22002291 4500 |
| 001 - CONTROL NUMBER | |
| control field | sg 44000247 |
| 003 - CONTROL NUMBER IDENTIFIER | |
| control field | DLC |
| 005 - DATE AND TIME OF LATEST TRANSACTION | |
| control field | 20260227112744.0 |
| 008 - FIXED-LENGTH DATA ELEMENTS--GENERAL INFORMATION | |
| fixed length control field | 810920s1944 xx 000 0 eng |
| 010 ## - LIBRARY OF CONGRESS CONTROL NUMBER | |
| LC control number | sg 44000247 |
| 035 ## - SYSTEM CONTROL NUMBER | |
| System control number | (OCoLC)3724401 |
| 040 ## - CATALOGING SOURCE | |
| Original cataloging agency | DLC |
| Transcribing agency | DNLM |
| Modifying agency | OT |
| -- | DLC |
| 042 ## - AUTHENTICATION CODE | |
| Authentication code | premarc |
| 050 00 - LIBRARY OF CONGRESS CALL NUMBER | |
| Classification number | RA790 |
| Item number | .M78 |
| 060 00 - NATIONAL LIBRARY OF MEDICINE CALL NUMBER | |
| Classification number | WM 75 |
| Item number | M954m 1944 |
| 060 00 - NATIONAL LIBRARY OF MEDICINE CALL NUMBER | |
| Classification number | Film 7345 no. 3 |
| 100 1# - MAIN ENTRY--PERSONAL NAME | |
| Personal name | Muhlberg, William, |
| Dates associated with a name | 1875- |
| 245 10 - TITLE STATEMENT | |
| Title | Mental adjustments, |
| Statement of responsibility, etc. | by Dr. William Muhlberg ... |
| 260 ## - PUBLICATION, DISTRIBUTION, ETC. | |
| Place of publication, distribution, etc. | Cincinnati, O., |
| Name of publisher, distributor, etc. | The Union central life insurance company |
| Date of publication, distribution, etc. | [1944] |
| 300 ## - PHYSICAL DESCRIPTION | |
| Extent | 89 p., 1 l. |
| Other physical details | ill. |
| 500 ## - GENERAL NOTE | |
| General note | Microfilmed for preservation |
| Institution to which field applies | DNLM |
No items available.